| 000 | 00522nam a22001937a 4500 | ||
|---|---|---|---|
| 003 | NUST | ||
| 005 | 20240311142009.0 | ||
| 008 | 240311b ||||| |||| 00| 0 eng d | ||
| 020 | _a9781119651581 | ||
| 082 |
_a720.258 _bIMP |
||
| 245 | 0 | 0 |
_aImpact / _cedited by Ali Rahim and Hina Jamelle |
| 260 |
_aOxford: _bJohn Wiley; _c2020. |
||
| 300 |
_a144p.: _bill; |
||
| 440 |
_aArchitectural Design _vv.90,n.05 _933235 |
||
| 650 | _2Architectural Design | ||
| 700 | 1 | _4Rahim,Ali | |
| 700 | 1 | _4Jamelle,Hina | |
| 942 |
_2ddc _cBK |
||
| 999 |
_c608653 _d608653 |
||